01597nam a2200385 i 4500001000700000003000800007005001700015006001900032007001500051008004100066020002800107020001800135035002200153040003100175050002200206082001600228100003500244245018800279264007300467300002500540336003100565337003300596338004300629490003900672504004200711588008300753590016200836650002000998650002201018655002701040700004401067797001801111856006301129999001901192137166FINmELB20241217181109.0m o u cr cn|||||||||220601s2020 ck ob 000 0 spa d a9789585168336q(e-book) z9789585168329 a(OCoLC)1332520094 aFINmELBbspaerdacFINmELB 4aRC423b.A385 202004a616.8552231 aAguilar Arias, Andrea,eautor.10aFonoaudiología :bcomunicación para el desarrollo humano? : la experiencia social y comunitaria de la Universidad del Valle /cAndrea Aguilar Arias, Jenny Natalia Torres Zambrano. 1aCali, Colombia :bUniversidad del Valle, Programa Editorial,c[2020] a1 recurso en línea atextobtxt2rdacontent/spa acomputadorabc2rdamedia/spa arecurso en líneabcr2rdacarrier/spa0 aColección Salud. Investigación aIncluye referencias bibliográficas. aDescripción basada en metadatos suministrados por el editor y otras fuentes. aRecurso electrónico. Santa Fe, Arg.: elibro, 2022. Disponible vía World Wide Web. El acceso puede estar limitado para las bibliotecas afiliadas a elibro. 0aSpeech therapy. 4aFonoaudiología. 4aLibros electrónicos.1 aTorres Zambrano, Jenny Natalia,eautor.2 aelibro, Corp.40uhttps://elibro.net/ereader/politecnicointernacional/189363 c137166d137166